000 00661nam a22002057a 4500
005 20240928053605.0
008 240928b |||||||| |||| 00| 0 eng d
020 _a9789359989129
040 _aIN-DiNC
_cIN-DiNC
041 _deng
082 _a030
_bSIJ
100 _aSijwali, BS
_eauthor
245 _aFace to face CAT (Common Admission Test):
_b25 years (chapterwise topicwise) solved papers (1999-2023)/
_cby BS Sijwali and Indu Sijwali
260 _aMeerut:
_bArihant,
_cn.a.
650 _aVerbal ability & reading comprehension (VARC)
650 _aQuantitative aptitude
650 _aArithmetic
700 _aSijwali, Indu
_eauthor
942 _2ddc
_cBK
999 _c12004
_d12004